Las Tarifas de la energía eléctrica

সংরক্ষণ করুন:
গ্রন্থ-পঞ্জীর বিবরন
বিন্যাস: পাঠ‍্য
বিষয়গুলি:
ট্যাগগুলো: ট্যাগ যুক্ত করুন
কোনো ট্যাগ নেই, প্রথমজন হিসাবে ট্যাগ করুন!

MARC

LEADER 00000 a a2200000 04500
001 6389
003
040
245 |a Las Tarifas de la energía eléctrica  
650 |a SERVICIOS PUBLICOS  
650 |a ENERGIA ELECTRICA  
773 |g volumen 21, número 915; páginas 7-9  
999 |c 26294  |d 26294